00762 2200277 4500001002100000005001500021035002000036007000300056008004100059020002200100040001700122082001500139084001700154100002400171245003800195250003700233260003400270300004800304650002500352850001200377041000800389504003300397990001800430990001800448990001800466INLIS00000000081756520181105112456 a0010-1018000445ta181029r20112017jkia g ind d a978-979-010-002-2 aYOPDYOGbind04223a370.15 a370.15 DJA p0 aDjaali,cH.,d1955-0 aPsikologi pendidikan /cH. Djaali aCetakan kesepuluh, November 20173 aJakarta :bBumi Aksara,c2017 ax, 138 halaman :bilustrasi, tabel ;c20 cm 4aPsikologi pendidikan aYOPDYOG0 aind aBibliografi: halaman 133-136 a32992-PD/B.18 a32993-PD/B.18 a32994-PD/B.18